Skip to main content
Your cart is empty.
Your lists
Log in to create your own lists
Your cookies
العربية
English
العربية
Home
Search
Advanced search
Authority search
About
The noble scholar, jurist, historian
His Excellency Dr. Abdul Wahhab bin Ibrahim Abu Sulaiman, may Allah have mercy on him.
He was born in Umm Al-Qura in the year 1356 AH.
Library catalog
Title
Author
Subject
ISBN
ISSN
Series
Call number
Log in to your account
×
Login:
Password:
Home
MARC view: سبيل الأدكار والاعتبار بما يمر بالإنسان وينقضي له من الأعمار /
Normal view
MARC view
ISBD view
سبيل الأدكار والاعتبار بما يمر بالإنسان وينقضي له من الأعمار / (Record no. 12837)
[
view plain
]
MARC details
000 -LEADER
fixed length control field
01370cam a2200289 i 4500
003 - CONTROL NUMBER IDENTIFIER
control field
OSt
005 - DATE AND TIME OF LATEST TRANSACTION
control field
20251030130535.0
008 - FIXED-LENGTH DATA ELEMENTS--GENERAL INFORMATION
fixed length control field
251016s1998 xx g 000 0 ara c
024 0# - OTHER STANDARD IDENTIFIER
Standard number or code
00000000735860
040 ## - CATALOGING SOURCE
Original cataloging agency
SA-JeALM
Language of cataloging
ara
Transcribing agency
SA-RiAUC
Description conventions
rda
050 #4 - LIBRARY OF CONGRESS CALL NUMBER
Item number
.S53 1998
082 04 - DEWEY DECIMAL CLASSIFICATION NUMBER
Classification number
213
Assigning agency
SA-RiAUC
090 ## - LOCALLY ASSIGNED LC-TYPE CALL NUMBER (OCLC); LOCAL CALL NUMBER (RLIN)
Classification number (OCLC) (R) ; Classification number, CALL (RLIN) (NR)
213
Local cutter number (OCLC) ; Book number/undivided call number, CALL (RLIN)
ش ا ف
100 1# - MAIN ENTRY--PERSONAL NAME
Personal name
الشافعي، الحبيب عبد الله بن علوي
Relator term
مؤلف.
245 10 - TITLE STATEMENT
Title
سبيل الأدكار والاعتبار بما يمر بالإنسان وينقضي له من الأعمار /
Statement of responsibility, etc.
للإمام شيخ الإسلام قطب الدعوة والإرشاد الحبيب عبد الله العلوي الحداد الحضرمي الشافعي رحمة الله تعالى.
250 ## - EDITION STATEMENT
Edition statement
الطبعة الثانية، مصححة ومنقحة.
264 #1 - PRODUCTION, PUBLICATION, DISTRIBUTION, MANUFACTURE, AND COPYRIGHT NOTICE
Place of production, publication, distribution, manufacture
[مكان النشر غير محدد] :
Name of producer, publisher, distributor, manufacturer
دار الحاوي للطباعة والنشر والتوزيع،
Date of production, publication, distribution, manufacture, or copyright notice
1996
300 ## - PHYSICAL DESCRIPTION
Extent
128 صفحة ؛
Dimensions
22 × 15 سم.
336 ## - CONTENT TYPE
Content type term
نص
Content type code
txt
Source
rdacontent
Materials specified
كتاب
337 ## - MEDIA TYPE
Media type term
بدون وسيط
Media type code
n
Source
rdamedia
338 ## - CARRIER TYPE
Carrier type term
مجلد
Carrier type code
nc
Source
rdacarrier
490 0# - SERIES STATEMENT
Series statement
سلسلة كتب الإمام الحداد ؛
Volume/sequential designation
5
650 #7 - SUBJECT ADDED ENTRY--TOPICAL TERM
Topical term or geographic name entry element
الدعوة الإسلامية
Source of heading or term
aucsh
650 #7 - SUBJECT ADDED ENTRY--TOPICAL TERM
Topical term or geographic name entry element
الوعظ والإرشاد
Source of heading or term
aucsh
942 ## - ADDED ENTRY ELEMENTS (KOHA)
Source of classification or shelving scheme
Dewey Decimal Classification
Koha item type
Books
Suppress in OPAC
No
949 ## - LOCAL PROCESSING INFORMATION (OCLC)
a
SA-JeALM
d
251016
u
mohamedma123
n
1
Holdings
Withdrawn status
Lost status
Source of classification or shelving scheme
Damaged status
Not for loan
Home library
Current library
Date acquired
Total checkouts
Full call number
Barcode
Date last seen
Price effective from
Koha item type
Dewey Decimal Classification
DR AbdElwahab Library
DR AbdElwahab Library
10/30/2025
213 ش ا ف
000020632
10/30/2025
10/30/2025
Books
Dewey Decimal Classification
DR AbdElwahab Library
DR AbdElwahab Library
02/01/2026
213 ش ا ف
000022693
02/01/2026
02/01/2026
Books
Place hold
Print
Add to your cart
(remove)
Save record
BIBTEX
Dublin Core
MARCXML
MARC (non-Unicode/MARC-8)
MARC (Unicode/UTF-8)
MARC (Unicode/UTF-8, Standard)
MODS (XML)
RIS
ISBD
More searches
Search for this title in:
Other Libraries (WorldCat)
Other Databases (Google Scholar)
Online Stores (Bookfinder.com)
Open Library (openlibrary.org)
Exporting to Dublin Core...
×
Simple DC-RDF
OAI-DC
SRW-DC